000 00894nam a2200289 4500
999 _c23420
_d23420
001 vtls000700298
005 20221010112347.0
008 220210s2020 xo g 000 f slo d
020 _a9788056906279
_q(viazané)
035 _aa000700298
040 _aTVZK
_bslo
_cTVZK
_dUKB
_erda
041 0 _aslo
044 _axo
_cSK
072 7 _a821.162.4-3
_xSlovenská próza
_2konspekt
080 _a821.162.4-31
_22011
080 _a(0:82-31)
_22011
100 1 _aHavranová, Ivana,
_d1952-
_4aut
_93628
245 1 0 _aPodvodníkova žena
_cIvana Havranová
250 _a1. vydanie
264 1 _aBratislava
_bMarenčin PT
_c2020
300 _a174 strán, 1 nečíslovaná strana
_c22 cm
336 _atext
_btxt
_2rdacontent
337 _abez média
_bn
_2rdamedia
338 _azväzok
_bnc
_2rdacarrier
655 7 _aslovenské romány
_2UKBPH
_91694
655 7 _aromány pre ženy
_2UKBPH
_93639